000 00266nam a2200121Ia 4500
008 170620s9999 xx 000 0 und d
100 _aMEHTA
245 0 _aORGANIC CHEMISTRY
260 _bP.H.I.LEARNING
260 _c2010
300 _a1130
546 _aEnglish
690 _aORGANIC CHEMISTRY
999 _c31270
_d31270